[Event "La Rosiere op"]
[Site "Bourg Saint Maurice"]
[Date "2013.08.28"]
[Round "4"]
[White "Arpinon, Jack"]
[Black "Peyssonneaux, Salome"]
[Result "1-0"]
[WhiteElo "1461"]
[BlackElo "1250"]
[PlyCount "27"]
[EventDate "2013.08.25"]
[EventType "swiss"]
[EventRounds "7"]
[EventCountry "FRA"]
[SourceTitle "EXT 2015"]
[Source "ChessBase"]
[SourceDate "2014.11.20"]
[SourceVersion "1"]
[SourceVersionDate "2014.11.20"]
[SourceQuality "1"]

1. e4 c5 2. Nf3 d6 3. d4 cxd4 4. Nxd4 Nf6 5. Nc3 g6 6. f4 Bg7 7. Bb5+ Nbd7 8. e5 Nh5 9. e6 fxe6 10. Nxe6 Qb6 11. Nxg7+ Nxg7 12. Qe2 a6 13. Nd5 Qc5 14. Qxe7# 1-0